| 000 | 00470nam a2200157Ia 4500 | ||
|---|---|---|---|
| 008 | 210716s2008 xx 000 0 und d | ||
| 020 | _a9788180546686 | ||
| 041 | _aeng | ||
| 082 | _a003 KAPV | ||
| 100 | _aKapoor, V.K. | ||
| 245 |
_aOperations research: quantitative techiques for management. _bQuantitative techniques for management. |
||
| 250 | _a1 | ||
| 260 |
_aNew Delhi _bSultan chand & sons _c2008 |
||
| 300 | _axxiv,17.66,H-59 | ||
| 650 | _aOperations Research | ||
| 999 |
_c203374 _d203374 |
||